Khawabon se haqeeqat tak kamyabi ka raz (Urdu) Raja Tahir Asad . (Record no. 534945)

000 -LEADER
fixed length control field 00431nam a22001577a 4500
003 - CONTROL NUMBER IDENTIFIER
control field NUST
005 - DATE AND TIME OF LATEST TRANSACTION
control field 20200824092654.0
008 - FIXED-LENGTH DATA ELEMENTS--GENERAL INFORMATION
fixed length control field 200824b ||||| |||| 00| 0 eng d
038 ## - RECORD CONTENT LICENSOR
Staff Name azhar
082 ## - DEWEY DECIMAL CLASSIFICATION NUMBER
Classification number 158
Author Mark TAH
100 ## - MAIN ENTRY--PERSONAL NAME
Relator code Raja Tahir Asad
245 ## - TITLE STATEMENT
Title Khawabon se haqeeqat tak kamyabi ka raz (Urdu) Raja Tahir Asad .
Remainder of title Raja Tahir Asad
260 ## - PUBLICATION, DISTRIBUTION, ETC.
Place of publication, distribution, etc. Rawalpindi
Name of publisher, distributor, etc. Services Book Club
Date of publication, distribution, etc. 2012
300 ## - PHYSICAL DESCRIPTION
Extent 169p
942 ## - ADDED ENTRY ELEMENTS (KOHA)
Source of classification or shelving scheme
Koha item type Book
Holdings
Withdrawn status Lost status Source of classification or shelving scheme Damaged status Not for loan Permanent Location Current Location Date acquired Total Checkouts Full call number Barcode Date last seen Date last checked out Price effective from Koha item type
          Central Library (CL) Central Library (CL) 08/24/2020 1 158 WET CL-D-959 02/06/2026 01/13/2024 08/24/2020 Book
© 2023 Central Library, National University of Sciences and Technology. All Rights Reserved.